| 000 | 01434cam a22003735a 4500 | ||
|---|---|---|---|
| 001 | 13242296 | ||
| 003 | EG-ScBUE | ||
| 005 | 20220404112752.0 | ||
| 008 | 030617s2002 enk f b 000 1 eng d | ||
| 020 | _a9780140447644 (pbk.) | ||
| 040 |
_aUKM _beng _erda _cUKM _dEMU _dOCLCQ _dDLC _dEG-ScBUE _dEG-ScBUE |
||
| 041 | 1 |
_aeng _hfre |
|
| 082 | 0 | 4 |
_a843.7 _bSTE _222 |
| 100 | 0 |
_aStendhal, _d1783-1842, _eauthor. _939317 |
|
| 240 | 1 | 0 |
_aRouge et le noir. _lEnglish |
| 245 | 1 | 4 |
_aThe red and the black / _cStendhal ; translated with an introduction and notes by Roger Gard. |
| 264 | 1 |
_aLondon : _bPenguin Books, _c2002. |
|
| 300 |
_axxix, [577] pages ; _c20 cm. |
||
| 336 |
_2rdacontent _atext _btxt |
||
| 337 |
_2rdamedia _aunmediated _bn |
||
| 338 |
_2rdacarrier _avolume _bnc |
||
| 490 | 0 | _aPenguin classics | |
| 500 | _a"The text followed is that of the first edition of Le Rouge et le noir of November 1830"--P. xxvii. | ||
| 500 | _aFirst published in French 1830. | ||
| 500 | _aIncludes appendix. | ||
| 504 | _aIncludes bibliographical references. | ||
| 546 | _aText in English ; translated from the original French. | ||
| 650 | 7 |
_aYoung men _zFrance _vFiction. _2BUEsh |
|
| 651 | 7 |
_aFrance _xSocial life and customs _y19th century _vFiction. _2BUEsh _933934 |
|
| 653 |
_cJuly2015 _cFebruary2016 _bHHUUEENN |
||
| 655 |
_vReading book _934232 |
||
| 700 | 1 |
_aGard, Roger, _etranslator, _eauthor of introduction, etc. |
|
| 942 |
_2ddc _cBB |
||
| 999 |
_c20164 _d20136 |
||